[Event "BCF-chT4 2223 (4NCL)"]
[Site "England"]
[Date "2023.04.30"]
[Round "10.50"]
[White "Blair, Jimmy"]
[Black "Perchard, Matthew"]
[Result "0-1"]
[WhiteElo "1499"]
[BlackElo "1506"]
[PlyCount "84"]
[EventDate "2022.11.05"]
[EventType "team-swiss"]
[EventRounds "11"]
[EventCountry "ENG"]
[SourceTitle "EXT 2024"]
[Source "ChessBase"]
[SourceDate "2023.10.10"]
[SourceVersion "1"]
[SourceVersionDate "2023.10.10"]
[SourceQuality "1"]
[WhiteTeam "War and Piece II"]
[BlackTeam "Celtic Tigers III"]
[WhiteTeamCountry "ENG"]
[BlackTeamCountry "ENG"]

1. e4 e6 2. e5 d5 3. d4 c5 4. Nf3 Nc6 5. Bb5 Qb6 6. Bxc6+ bxc6 7. 0-0 Ba6 8. Re1 cxd4 9. Nxd4 c5 10. Nf3 Ne7 11. Bf4 Qxb2 12. Nbd2 Qb6 13. Rb1 Qc7 14. c4 d4 15. Ne4 Qc6 16. Nd6+ Kd7 17. Qc2 Ng6 18. Bg3 Bxd6 19. exd6 Rhe8 20. h4 f6 21. h5 Nf8 22. a4 Qc8 23. a5 Bb7 24. Qd3 Bxf3 25. Qxf3 Rb8 26. Qa3 e5 27. Rxb8 Qxb8 28. Qa4+ Kxd6 29. f4 Nd7 30. f5 Qb4 31. Qc2 Rb8 32. Qe2 Qxa5 33. Qe4 Qb6 34. Qd5+ Ke7 35. h6 Qd6 36. Qxd6+ Kxd6 37. hxg7 Rg8 38. Ra1 Rxg7 39. Bh2 Nb6 40. Kf2 Nxc4 41. Ra6+ Nb6 42. Kf3 c4 0-1

[Event "BCF-chT4 2223 (4NCL)"]
[Site "England"]
[Date "2023.04.29"]
[Round "9.46"]
[White "Shah, Meet Chirag"]
[Black "Perchard, Matthew"]
[Result "1-0"]
[WhiteElo "1889"]
[BlackElo "1506"]
[PlyCount "95"]
[EventDate "2022.11.05"]
[EventType "team-swiss"]
[EventRounds "11"]
[EventCountry "ENG"]
[SourceTitle "EXT 2024"]
[Source "ChessBase"]
[SourceDate "2023.10.10"]
[SourceVersion "1"]
[SourceVersionDate "2023.10.10"]
[SourceQuality "1"]
[WhiteTeam "Wessex Some Stars II"]
[BlackTeam "Celtic Tigers III"]
[WhiteTeamCountry "ENG"]
[BlackTeamCountry "ENG"]

1. d4 d5 2. c4 c6 3. g3 Nf6 4. cxd5 cxd5 5. Bg2 e6 6. Nf3 Bd6 7. 0-0 0-0 8. Nc3 a6 9. Bg5 Nbd7 10. e4 dxe4 11. Nxe4 Be7 12. Nfd2 h6 13. Be3 Nd5 14. Nc3 N7b6 15. Qb3 Nxe3 16. fxe3 Bg5 17. Nce4 Be7 18. Nf3 Nd7 19. Rad1 Qb6 20. Qc2 Nf6 21. Ne5 Nd7 22. Nc4 Qc7 23. Qe2 Ra7 24. Rc1 Qd8 25. Rfd1 b5 26. Ne5 Nxe5 27. dxe5 Rd7 28. Rxd7 Qxd7 29. Rd1 Qc7 30. Qh5 Rd8 31. Rf1 Bg5 32. Nxg5 hxg5 33. Be4 g6 34. Qxg5 Rd2 35. Bxg6 fxg6 36. Qxg6+ Qg7 37. Qe8+ Kh7 38. Rf7 Rd1+ 39. Kg2 Bb7+ 40. Kh3 Rd7 41. Rxd7 Bd5 42. Rxg7+ Kxg7 43. a3 Bc4 44. Kg4 a5 45. Kg5 Bd3 46. Qe7+ Kg8 47. Kh6 b4 48. Qg7# 1-0

[Event "EU-ch Cities&Town op"]
[Site "Tornelo INT"]
[Date "2023.01.29"]
[Round "?"]
[White "Perchard, Matthew"]
[Black "Fragiadakis, Emanouel"]
[Result "0-1"]
[WhiteElo "1506"]
[BlackElo "1714"]
[PlyCount "114"]
[EventDate "2023.01.29"]
[EventType "team-swiss"]
[EventRounds "9"]
[EventCountry "NET"]
[SourceTitle "CBM 212 Extra"]
[Source "ChessBase"]
[SourceDate "2023.03.31"]
[SourceVersion "1"]
[SourceVersionDate "2023.03.31"]
[SourceQuality "1"]
[WhiteTeam "West London Hammersmith"]
[BlackTeam "Heraklion"]
[WhiteTeamCountry "ENG"]
[BlackTeamCountry "GRE"]

1. e4 c5 2. Nf3 d6 3. c3 Nf6 4. Be2 Nc6 5. d4 cxd4 6. cxd4 d5 7. e5 Ne4 8. 0-0 Bf5 9. Nbd2 e6 10. Nxe4 Bxe4 11. Nd2 Bg6 12. Nb3 Be7 13. f4 0-0 14. Be3 Nb4 15. a3 Nc2 16. Qd2 Nxa1 17. Rxa1 Qb6 18. Nc5 a5 19. Nd7 Qb3 20. Nxf8 Bxf8 21. Bd1 Qb5 22. Rc1 h6 23. Be2 Qb3 24. Rc3 Qb6 25. Qc1 Kh7 26. a4 Bb4 27. Rc7 Rf8 28. Bb5 Be4 29. Rc8 Rd8 30. Rxd8 Qxd8 31. Bd2 Qh4 32. Bxb4 axb4 33. Qd2 Qg4 34. Qf2 Qd1+ 35. Bf1 Qxa4 36. Qd2 b3 37. Kf2 Qa2 38. Ke3 Qb1 39. Qe2 Qc1+ 40. Kf2 Qxf4+ 41. Ke1 Bc2 42. Qb5 Qxd4 43. Be2 Qxe5 44. Kd2 Qxb2 45. Bd3+ Bxd3+ 46. Kxd3 Qc2+ 47. Ke3 b2 48. Qd3+ Qxd3+ 49. Kxd3 b1Q+ 50. Kd4 Qb4+ 51. Kd3 Qc4+ 52. Ke3 Qe4+ 53. Kd2 d4 54. g4 Qe3+ 55. Kd1 d3 56. h3 Qe2+ 57. Kc1 Qc2# 0-1